000 00259nam a2200109Ia 4500
008 221009s9999 xx 000 0 und d
082 _a920/KAN
100 _aKanitkar,Mukul
_981336
245 0 _aEssential Vivekananda
260 _bRupa Pulication
942 _cBK
999 _c64971
_d64971